Ide o naivitu alebo o skutočný zámer? 1

Zmena postoja vládnej politicko-ekonomickej reprezentácie ku konsolidácii slovenskej ekonomiky. Prechod od rozbíjania veľkých podnikových štruktúr k ich ochrane. Príklad úspešnej americkej korporácie 3M.

Saved in:
Bibliographic Details
Main Author: Ďurkovič, H.
Format: Book Chapter
Language:Slovak
Subjects:
Tags: Add Tag
No Tags, Be the first to tag this record!

MARC

LEADER 00000naa a2200000 4500
001 r018668
005 20221213095722.5
041 0 |a slo 
044 |a SK 
245 1 0 |a Ide o naivitu alebo o skutočný zámer? 1  |c H. Ďurkovič 
520 |a Zmena postoja vládnej politicko-ekonomickej reprezentácie ku konsolidácii slovenskej ekonomiky. Prechod od rozbíjania veľkých podnikových štruktúr k ich ochrane. Príklad úspešnej americkej korporácie 3M. 
610 2 0 |a Slovensko 
610 2 0 |a 1995 
610 2 0 |a priemysel 
610 2 0 |a zmeny organizačné 
610 2 0 |a podnik veľký 
610 2 0 |a korporácie 
610 2 0 |a 3M 
610 2 0 |a USA 
100 1 |a Ďurkovič, H.